000 00483nam a2200181Ia 4500
008 090124s9999 xx 000 0 und d
082 _b116401
100 _aबनहट्टी राजेंद्र
245 _a खेळ
250 _a1
260 _c1975
300 _a124
600 _aबनहट्टी राजेंद्र
630 _a खेळ
700 _aबनहट्टी राजेंद्र
730 _a खेळ
942 _cBOOK
999 _c162492
_d162492